| 000 | 01426nam a2200325 4500 | ||
|---|---|---|---|
| 001 | 299 | ||
| 003 | OSt | ||
| 005 | 20250528074017.0 | ||
| 008 | 250320b |||||||e |||| 00| f eng d | ||
| 040 | _bpor | ||
| 041 |
_hfre _apor |
||
| 082 |
_a843 _bL141r |
||
| 100 | 1 |
_aLaclos, Pierre Ambroise François Choderlos de, _d1741-1803. _9586 |
|
| 240 | _aLes Liaisons dangereuses | ||
| 245 |
_aAs Relações Perigosas / _cLaclos, Pierre Ambroise François Choderlos de ; Tradução de Sérgio Milliet |
||
| 260 |
_aSão Paulo _bAbril _c1971 |
||
| 300 | _a320 p. | ||
| 490 | 1 | _a Os Imortais da Literatura Universal | |
| 520 | _aAs Relações Perigosas é um romance epistolar do século XVIII que narra a troca de cartas entre aristocratas franceses pouco antes da Revolução Francesa. No centro da trama estão o visconde de Valmont e a marquesa de Merteuil, que manipulam e seduzem outras personagens por puro prazer e vingança. A obra oferece uma crítica mordaz à nobreza da época, expondo a hipocrisia e a decadência moral da elite francesa. | ||
| 650 | 0 |
_aClássicos _977 |
|
| 650 | 0 |
_aHistórico _953 |
|
| 650 | 0 |
_aLiteratura francesa _9122 |
|
| 650 | 0 |
_aAmor e Paixão _925 |
|
| 650 | 0 |
_aCrítica social _9514 |
|
| 655 | 0 |
_aRomance _923 |
|
| 655 | 0 |
_aFicção _922 |
|
| 700 | 1 |
_aMilliet, Sergio, _d1898-1966 _eTRADUTOR _9588 |
|
| 830 |
_aOs Imortais da Literatura Universal _9461 _vvol. 26 |
||
| 942 |
_2ddc _n0 _cBK |
||
| 999 |
_c299 _d299 |
||